Partial differential equation methods in control and shape analysis

Guardat en:
Dades bibliogràfiques
Autor principal: Da Prato, Giuseppe (Autor)
Format: Llibre
Idioma:anglès
Publicat: Nueva York Marcel Dekker 1997
Col·lecció:Pure and Applied Mathematics: a program of monographs, textbooks, and lecture notes, 188
Matèries:
Etiquetes: Afegir etiqueta
Sense etiquetes, Sigues el primer a etiquetar aquest registre!

MARC

LEADER 00000nam a2200000 a 4500
001 UCN2503
003 CL-VaPUC
008 010530e19970000US |||||||||||||||||eng|d
082 0 4 |a 629.8312  |b DAP  |2 21 
100 0 |a Da Prato, Giuseppe  |e author  |9 458494 
245 1 0 |a Partial differential equation methods in control and shape analysis 
300 |a 331 p 
942 |c BK 
945 |d 20010530 00:00:00  |a vberengu 
260 |a Nueva York  |b Marcel Dekker  |c 1997 
650 0 |a Ecuaciones diferenciales parciales   |9 269889 
650 0 |a Teoría del control  |9 260349 
583 |a last modification  |c 20010530 00:00:00  |k Rodrigo Vera 
490 0 |a Pure and Applied Mathematics: a program of monographs, textbooks, and lecture notes, 188 
999 |c 295601  |d 295599 
952 |0 0  |1 0  |4 0  |6 629_831200000000000_DAP_1997  |7 0  |8 A  |9 348869  |a BIBMAT  |b BIBMAT  |d 2019-11-20  |i 3721868  |o 629.8312 DAP 1997  |p 3721868  |r 2025-01-07  |w 2019-11-20  |y BK  |k MAT